zpět

Detail výsledku týmu

Kulturní dům, Zašová

Datum a čas kvízu

40 Celkem bodů Celkový počet nahraných bodů na tomto kvízu bez doplňovacích otázek.
1. Pořadí na kvízu Konečné umístění týmu na tomto kvízu.

Zaznamenané odpovědi

# Otázka Odpověď Body Výsledky
1. V pondělí přijel na státní náv... z Belgie 1
2. Na pozemku u bratislavského le... Sbohem (Zbohom) Fico 1
3. Minulý týden vyšlo album Ostra... Michal Prokop 1
4. Ve středu byl zveřejněn žebříč... Michal Strnad 1
5. Hokejový tým Utah, jehož brank... Mammoth (Mamut) 1
6. Podíváme se na historické udál... Pouštní bouře 1
7. Dne 8. června 1992 došlo na ji... vila Tugendhat 1
8. V České republice vystoupila o... D 1
9. Jak se nazývá stát, který vsto... Chorvatsko 1
10. Ve kterém městě získala samost... ve Vídni, Kanadu 1